| 000 | 01010cam a2200301 i 4500 | ||
|---|---|---|---|
| 999 |
_c43320 _d43320 |
||
| 001 | 43320 | ||
| 003 | Mx-PuUPA | ||
| 005 | 20240410104021.0 | ||
| 008 | 140415s1995 sp gr 001 0 spa d | ||
| 020 | _a8425419301 | ||
| 040 |
_aMX-PuUPA _bspa _erda _cMx-PuUPA _dMx-PuUPA |
||
| 041 | 1 |
_aspa _heng |
|
| 100 | 1 |
_aFerber, Rafael _d1950- _eautor _95196 |
|
| 240 | 1 | 0 |
_aPhilosophische grundbegriffe. _lEspañol. |
| 245 | 1 | 0 |
_aConceptos fundamentales de la filosofía / _cRafael Ferber ; versión castellana de Claudia Gancho. |
| 264 | 1 |
_aBarcelona : _bEmpresa Editorial Herder, _c1995 |
|
| 300 |
_a207 páginas ; _c22 cm. |
||
| 336 |
_atexto _2rdacontent _btxt |
||
| 337 |
_asin medio _2rdamedia _bn |
||
| 338 |
_avolumen _2rdacarrier _bnc |
||
| 490 | 0 | _aBiblioteca de la Filosofía | |
| 650 | 4 | _aFilosofía | |
| 700 | 1 |
_aGancho, Claudio, _etraductor |
|
| 765 | 0 | 8 |
_aFerber, Rafael, _tPhilosophische grundbegriffe. |
| 942 |
_2ddc _cLI _h100 _iF345 |
||